LEADER 00804nam0 2200241 450 001 000005969 005 20051026081825.0 010 $a88-140-7768-1 100 $a20051026d1999----km-y0itay50------ba 101 0 $aita 102 $aIT 105 $ay-------001yy 200 1 $aPotenza e ragione$ela scienza del diritto internazionale nella crisi dell'equilibrio europeo, 1870-1914$fStefano Mannoni 210 $aMilano$cGiuffrè$d1999 215 $a276 p.$d23 cm 225 2 $aPer la storia del pensiero giuridico moderno$v0054 410 0$12001$aPer la storia del pensiero giuridico moderno 700 1$aMannoni,$bStefano$0167620 801 0$aIT$bUNIPARTHENOPE$c20051026$gRICA$2UNIMARC 912 $a000005969 951 $aB-0036$b36249$cNAVA3 996 $aPotenza e ragione$9649094 997 $aUNIPARTHENOPE LEADER 01242nam0 22002771i 450 001 UON00267455 005 20231205103740.859 010 $a34-470-5219-8 100 $a20051006d2005 |0itac50 ba 101 $ager 102 $aDE 105 $a|||| ||||| 200 1 $aˆDie ‰Ortsnamenlisten im nordlichen Saulenhof des Totentempels Amenophis III. / Elmar Edel, Manfred Gorg 210 $aWiesbaden$cHarrassowitz$d2005 215 $aviii, 218 p., c. e p. di tav.$d31 cm 410 1$1001UON00245391$12001 $aAgypten und Altes Testament$eStudien zu Geschichte, Kultur und Religion Agyptens und des Alten Testaments$fHerausgegeben von Manfred Gorg$v50 620 $aDE$dWiesbaden$3UONL003153 700 1$aEDEL$bElmar$3UONV028416$0453889 701 1$aGORG$bManfred$3UONV042073$0690506 712 $aHarrassowitz$3UONV245869$4650 801 $aIT$bSOL$c20240220$gRICA 899 $aSIBA - SISTEMA BIBLIOTECARIO DI ATENEO$2UONSI 912 $aUON00267455 950 $aSIBA - SISTEMA BIBLIOTECARIO DI ATENEO$dSI EG I b 062 $eSI AA 27431 5 062 996 $aOrtsnamenlisten im nordlichen Saulenhof des Totentempels Amenophis III$91240925 997 $aUNIOR LEADER 03608nam 2200745 450 001 9910818655503321 005 20231206202444.0 010 $a1-282-02558-9 010 $a9786612025587 010 $a1-4426-7846-1 024 7 $a10.3138/9781442678460 035 $a(CKB)2420000000004277 035 $a(OCoLC)288096896 035 $a(CaPaEBR)ebrary10218793 035 $a(SSID)ssj0000305956 035 $a(PQKBManifestationID)11243722 035 $a(PQKBTitleCode)TC0000305956 035 $a(PQKBWorkID)10293325 035 $a(PQKB)11691622 035 $a(CaBNvSL)slc00211197 035 $a(DE-B1597)464750 035 $a(OCoLC)979743254 035 $a(DE-B1597)9781442678460 035 $a(Au-PeEL)EBL4671828 035 $a(CaPaEBR)ebr11257519 035 $a(OCoLC)958565088 035 $a(VaAlCD)20.500.12592/8dm50n 035 $a(schport)gibson_crkn/2009-12-01/7/421009 035 $a(MiAaPQ)EBC4671828 035 $a(OCoLC)1389791882 035 $a(MdBmJHUP)musev2_105091 035 $a(MiAaPQ)EBC3254888 035 $a(EXLCZ)992420000000004277 100 $a20160923h19971997 uy 0 101 0 $aeng 135 $aurcn||||||||| 181 $ctxt 182 $cc 183 $acr 200 14$aThe philosophy of railways $ethe transcontinental railway idea in British North America /$fA.A. den Otter 210 1$aToronto, [Ontario] ;$aBuffalo, [New York] ;$aLondon, [England] :$cUniversity of Toronto Press,$d1997. 210 4$d©1997 215 $a1 online resource (317 p.) 300 $aIncludes index. 311 $a0-8020-4161-2 320 $aIncludes bibliographical references and index. 327 $g1.$tTechnological Nationalism: The Backdrop --$g2.$tThe Guarantee Act: Signpost for an Era --$g3.$tNova Scotia: Railways and the New Economy --$g4.$tThe Grand Trunk Railway: The New Imperialism --$g5.$tSaint John: Fulcrum Metropol --$g6.$tThe Pacific Scandal: Nationalism and Business --$g7.$tThe National Policy: Defining a Nation --$g8.$tThe Philosophy of Railways: Conclusions and Conjectures. 330 1 $a"When, in the late 1980s, the federal government initiated a plan to deregulate the Canadian railway system, lobby groups protested the betrayal of a national mandate. They asserted that the railway was founded to promote a sense of national identity, to provide access to isolated regions of the country, and to ensure a transnational exchange of goods and ideas. In The Philosophy of Railways, A.A. den Otter considers the relationship between nationalism and technology, and shows how the popular rhetoric surrounding the evolution of the Canadian Pacific Railway has mythologized the role of a private corporation and its technology. He questions the notion that the railways were built as an antidote to American manifest destiny, suggesting instead that the widespread adoption of railway transportation as a civilizing mission impelled Canadians to bow to technology's integrating effects, including confederation and closer ties with the United States."--Jacket. 606 $aRailroads$zCanada$xHistory 607 $aBritisch-Nordamerika$2gnd 607 $aCanada$2fast 608 $aLivres numeriques. 608 $aHistory. 608 $ae-books. 608 $aElectronic books. 615 0$aRailroads$xHistory. 676 $a385.0971 700 $aOtter$b A. A. den$g(Andy Albert den),$f1941-$01707226 801 0$bMiAaPQ 801 1$bMiAaPQ 801 2$bMiAaPQ 906 $aBOOK 912 $a9910818655503321 996 $aThe philosophy of railways$94095271 997 $aUNINA